000 00527nam a2200181Ia 4500
005 20250326125132.0
008 250326s9999 xx 000 0 und d
037 _aTextbook
040 _aFMSL
_beng
_cFMSL
041 _aeng
_2eng
084 _aX:97D L5
_qFMSL
100 _aHamermesh D S
_9738539
245 0 _aLabor in the public and nonprofit sectors
_cHamermesh D S
260 _aNew Jersey
_bNew Jersey, Princeton University
_c1975
300 _a272p
942 _cTB
_hX:97D L5
999 _c1276699
_d1276699